000
00210 a2200097 4500
001
43872
100
_a
Nadvi
245
_a
Syed Ahmed Shaheed
260
_a
Karachi
_b
Saeed H M Company
_c
090
_c
27616
_d
27616
942
_a
NUST-CAE
_c
M
_c
19576
999
_c
278945
_d
278945